Junior Great Books : (Record no. 2641)

MARC details
000 -LEADER
fixed length control field 01138nam a22001937a 4500
001 - CONTROL NUMBER
control field 2641
003 - CONTROL NUMBER IDENTIFIER
control field FISKH
005 - DATE AND TIME OF LATEST TRANSACTION
control field 20251117163321.0
008 - FIXED-LENGTH DATA ELEMENTS--GENERAL INFORMATION
fixed length control field 240108b cb ||||| |||| 00| 0 eng d
040 ## - CATALOGING SOURCE
Original cataloging agency FISKH
Language of cataloging eng
Transcribing agency FISKH
Modifying agency FISKH
082 ## - DEWEY DECIMAL CLASSIFICATION NUMBER
Classification number 808.068
100 ## - MAIN ENTRY--PERSONAL NAME
Personal name Dennis, Richard P.
245 ## - TITLE STATEMENT
Title Junior Great Books :
Remainder of title Series 8, Volume Two /
250 ## - EDITION STATEMENT
Edition statement Paperback January 1, 1984
260 ## - PUBLICATION, DISTRIBUTION, ETC.
Place of publication, distribution, etc. Illinois :
Name of publisher, distributor, etc. The Great Books Foundations,
Date of publication, distribution, etc. 1984
300 ## - PHYSICAL DESCRIPTION
Extent 163 pages :
Dimensions 21 cm
520 ## - SUMMARY, ETC.
Summary, etc. Junior Great Books is a strong, inquiry-based language arts program that refines and extends students’ skills in reading, thinking, and communicating. The program is a model of student-centered learning in which students work with complex ideas and rigorous texts. The program uses well-crafted, multicultural reading selections that are rich in ideas and invite a number of interpretations. Through consistent use of the program students develop their reading and thinking skills by asking questions, formulating and sharing their opinions, and supporting their ideas with evidence from the selections they read..
942 ## - ADDED ENTRY ELEMENTS (KOHA)
Source of classification or shelving scheme Dewey Decimal Classification
Koha item type Books
Suppress in OPAC No
Holdings
Withdrawn status Lost status Source of classification or shelving scheme Damaged status Not for loan Collection Home library Current library Shelving location Date acquired Total Checkouts Full call number Barcode Date last seen Copy number Price effective from Koha item type
    Dewey Decimal Classification     Fiction Footprints International School Library Network Toul Kork Campus Footprints International School Library Network Toul Kork Campus   01/08/2024   DEN Fic PZ7 FISO1021 01/08/2024 1 01/08/2024 Books
    Dewey Decimal Classification     Fiction Footprints International School Library Network Toul Tom Poung Campus Footprints International School Library Network Toul Tom Poung Campus   11/14/2025   DEN Fic PZ7 FIS00902 11/14/2025 2 11/14/2025 Books